| 000 | 01305nam a22003617a 4500 | ||
|---|---|---|---|
| 003 | CHAP | ||
| 005 | 20220329140352.0 | ||
| 008 | 971013s1981 r 00010 d | ||
| 010 | _a51007 | ||
| 011 | _a51979 | ||
| 035 | _a56129 | ||
| 040 | _cCHAP | ||
| 090 | _aTesis | ||
| 100 | 0 | 0 |
_aPolanco Salguero, Celestino. _990199 |
| 245 | _aNiveles de fertilización con nitrógeno, fósforo y aplicaciones de cal agrícola en tomate (Licopersicum esculentum M.) en dos localidades de Jutiapa | ||
| 260 |
_aGuatemala : _bEl autor, _c1981 |
||
| 300 | _a59 h. | ||
| 502 | _aTesis (Ing. Agrónomo) -- Univ. de San Carlos de Guatemala. Fac. de Agronomía | ||
| 590 |
_aALEPH _b10 _c20130110 _lUCH01 _h1326 |
||
| 590 |
_aBATCH-UPD _b10 _c20130110 _lUCH01 _h0227 |
||
| 590 |
_aBATCH-UPD _b10 _c20130110 _lUCH01 _h1118 |
||
| 590 |
_aBATCH-UPD _b10 _c20130409 _lUCH01 _h2249 |
||
| 590 |
_aBATCH-UPD _b10 _c20130914 _lUCH01 _h0815 |
||
| 590 |
_aCONVERSION _b10 _c20130109 _lUCH01 _h1328 |
||
| 650 | 1 | 4 |
_aCalcio _xEfecto en plantas. _917337 |
| 650 | 1 | 4 |
_aFósforo _xEfecto en tomate. _942257 |
| 650 | 1 | 4 |
_aNitrógeno _xEfecto en tomate. _981465 |
| 650 | 1 | 4 |
_aTomate _xGuatemala. _9113729 |
| 650 | 1 | 4 |
_aTomate _xRendimiento. _9113761 |
| 901 | _aBK | ||
| 942 | _cTESIS | ||
| 949 |
_bBC _cTES _d-122756 _eTS1 _gI.c/e _h20116 _i56129 _si |
||
| 999 |
_c51007 _d51007 |
||